<?xml version="1.0" encoding="UTF-8"?>
<marc:record xmlns:marc="http://www.loc.gov/MARC21/slim">
   <marc:leader>00000nam a2200000 a 4500</marc:leader>
   <marc:datafield ind1=" " ind2=" " tag="653">
      <marc:subfield code="a">Delphine</marc:subfield>
   </marc:datafield>
   <marc:datafield ind1="0" ind2="0" tag="245">
      <marc:subfield code="a">Mein Freund der Delfin</marc:subfield>
   </marc:datafield>
   <marc:datafield ind1="0" ind2="0" tag="245">
      <marc:subfield code="b">nach einer wahren und wunderbaren Geschichte</marc:subfield>
   </marc:datafield>
   <marc:datafield ind1=" " ind2="1" tag="264">
      <marc:subfield code="b">Warner Home Video</marc:subfield>
      <marc:subfield code="c">2014</marc:subfield>
   </marc:datafield>
   <marc:datafield ind1="1" ind2=" " tag="520">
      <marc:subfield code="a">Einige Jahre sind vergangen, seit der junge Sawyer Nelson und das engagierte Team im Clearwater Marine Aquarium (CMA) Winter gerettet haben. Der junge Delfin hatte sich damals in einer Krebsfalle verfangen und dadurch seinen Schwanz verloren. Die Rettung gelang nur, weil für den verletzten Delfin eine neuartige Schwanzprothese entwickelt werden konnte. Die Chancen standen schlecht, doch Winter überlebte.</marc:subfield>
   </marc:datafield>
   <marc:datafield ind1=" " ind2=" " tag="020">
      <marc:subfield code="a">5051890291837</marc:subfield>
      <marc:subfield code="9">5051890291837</marc:subfield>
   </marc:datafield>
   <marc:datafield ind1="0" ind2=" " tag="490">
      <marc:subfield code="v">0</marc:subfield>
   </marc:datafield>
   <marc:datafield ind1=" " ind2=" " tag="300">
      <marc:subfield code="a">ca. 103 Min.</marc:subfield>
   </marc:datafield>
</marc:record>
